Francia, la corona de Aragón y la frontera pirenaica: lucha por el Valle de Arán (siglos XIII-XIV)
Saved in:
| Hovedforfatter: | |
|---|---|
| Format: | Bog |
| Sprog: | spansk |
| Udgivet: |
Madrid, España
Consejo Superior de Investigaciones Científicas
1951
|
| Serier: | Publicaciones de la Sección de Barcelona,
13 |
| Fag: | |
| Tags: |
Tilføj Tag
Ingen Tags, Vær først til at tagge denne postø!
|
MARC
| LEADER | 00000nam a2200000 a 4500 | ||
|---|---|---|---|
| 001 | UCO1619 | ||
| 003 | CL-VaPUC | ||
| 005 | 20200507104020.0 | ||
| 008 | 000519e19510000SP |||||||||||||||||spa|d | ||
| 999 | |c 288224 |d 288222 | ||
| 040 | |c Pontificia Universidad Católica de Valparaíso | ||
| 082 | 0 | 4 | |a 327.46044 REG 1951 |2 21 |
| 100 | 0 | |a Reglá Campistol, Juan |e author |9 443980 | |
| 245 | 1 | 0 | |a Francia, la corona de Aragón y la frontera pirenaica: |b lucha por el Valle de Arán (siglos XIII-XIV) |
| 260 | |a Madrid, España |b Consejo Superior de Investigaciones Científicas |c 1951 | ||
| 300 | |a 332 páginas | ||
| 490 | 0 | |a Publicaciones de la Sección de Barcelona, |v 13 | |
| 583 | |a last modification |c 20120906 03:58:57 |k Rodrigo Vera | ||
| 650 | 7 | |a DIPLOMACIA ESPAÑOLA |2 CL-VaPUC |9 443981 |z FRANCIA | |
| 650 | 7 | |a HISTORIA DE ARAGON |2 CL-VaPUC |9 443974 |y SIGLOS 13-14 |z ESPAÑA |z FRANCIA |z PIRINEOS | |
| 852 | |a BIBCUR | ||
| 942 | |c BK |2 ddc | ||
| 945 | |d 20000519 00:00:00 |a rherrera | ||
| 952 | |0 0 |1 0 |2 ddc |4 0 |6 327_460440000000000_REG_1951 |7 0 |8 A |9 335769 |a BIBHIS |b BIBHIS |d 2019-11-20 |i 128150K |o 327.46044 REG 1951 |p 128150K |r 2025-01-20 |t 1 |w 2019-11-20 |y BK |k HIS | ||
| 952 | |0 0 |1 0 |2 ddc |4 0 |6 327_460440000000000_REG_1951 |7 0 |8 A |9 335770 |a BIBHIS |b BIBHIS |d 2019-11-20 |i 1281518 |o 327.46044 REG 1951 |p 1281518 |r 2025-01-20 |t 2 |w 2019-11-20 |y BK |k HIS | ||